00367nam a2200133Ia 4500008004100000020001500041041001200056082001600068100001800084245007700102260003300179300000900212650001200221221030s9999 xx 000 0 und d a8185015848 aEnglish a105.23bFey aR. P. Feynman 0aFeynman Lectures on Physics Quantum Mechanics Vol. IIIcby R. P. Feynman bNarosa Pub.aNew Delhic1997 a1820 aPhysics